LIBRARY & INFORMATION CENTRE, KCAET, TAVANUR

ONLINE PUBLIC ACCESS CATALOGUE (OPAC)

Normal view MARC view
  • Parker, Philip Marley A

Entry Personal Name

Number of records used in: 1

001 - CONTROL NUMBER

  • control field: 7765

003 - CONTROL NUMBER IDENTIFIER

  • control field: OSt

005 - DATE AND TIME OF LATEST TRANSACTION

  • control field: 20250823151240.0

008 - FIXED-LENGTH DATA ELEMENTS

  • fixed length control field: 250823|| aca||aabn | a|a d

040 ## - CATALOGING SOURCE

  • Original cataloging agency: OSt
  • Transcribing agency: OSt

100 ## - HEADING--PERSONAL NAME

  • Personal name: Parker, Philip Marley A

670 ## - SOURCE DATA FOUND

  • Source citation: Work cat.: (OSt)1586: Parker, Philip Marley A , Control of water / , 1949.
free website counter